000 02102nam a2200457 c 4500
003 BLK
005 20200205145058.0
008 180411b bul|||||r ||||||| ||bul||
010 _aKNG00186533000
020 _a978-954-28-1988-2
_bиздат.: Сиела
040 _aBLK
041 _aBUL
_cBUL
072 7 _2bullib
_aН83
_xЧужда художествена литература Н
080 _aАмериканска литература (на САЩ)
_b821.111(73)
_x-94
_z821.111(73)-94
080 _aДруги видове песни. Композитори
_b784.7.071.1
_x(420)(092)(0:82-9)
_z784.7.071.1(420)(092)(0:82-9)
080 _aДжеймс Патрик Пейдж. Британски рок-китарист
_b929 Пейдж, Джими
_x
_z929 Пейдж, Джими
100 1 _aТолински, Брад
_eпърви автор
_9129910
700 1 _aКирилов, Пламен
_eпрев. от англ.
_9381415
139 _aТолински, Брад
_bТ 66
245 1 0 _aСветлини и сенки
_bРазговори с Джими Пейдж
_cБрад Толински; прев. от англ. Пламен Кирилов.
257 _aUSA
260 София
_bСиела
_c2016
300 _a280 с.
_c23 см
380 _aX
500 _aБез сведение за ориг. загл. ; Ориг. загл. Light Shade: Conversations with Jimmy Pageл - Пълното име на Джими Пейдж е Джеймс Патрик Пейдж.
600 1 4 _aПейдж, Джими
_9341181
650 4 _aПейдж, Джими
_9341181
650 4 _aРокпевци, английски
_9340262
650 4 _aРокмузика - изпълнители
_9283474
651 4 _aВеликобритания
_9178698
653 _aДжими Пейдж
653 _aрокизпълнители
653 _aкитаристи
653 _aLed Zeppelin
659 _aН
852 _aЦб 279544
856 4 _qpdf
_u
856 4 _qpdf
_u
942 _cKNG
_n0
_03
944 _aCR
_c16.02.2016
_lф /
_kВиолета_Тройчева
944 _aED
_c22.07.2016
_lф /
_kЛюдмила_Стоянова
999 _c177836
_d177836